Yorkshire LNER Stations - Statistics

General Stats
  • This quiz has been taken 59 times
  • The average score is 8 of 16
Answer Stats
Answer % Correct
Leeds
98%
York
92%
Doncaster
83%
Harrogate
58%
Northallerton
55%
Middlesbrough
53%
Wakefield Westgate
51%
Selby
43%
Bradford Forster Square
38%
Skipton
34%
Horsforth
30%
Keighley
28%
Shipley
26%
Thornaby
26%
Brough
23%
Hull Paragon
17%
No matching quizzes found
Score Distribution
Percent of People with Each Score
Percentile by Number Answered
Your Score History
You have not taken this quiz